Mecánica para ingenieros: estática

Guardat en:
Dades bibliogràfiques
Autor principal: Shames, Irving Herman (Autor)
Format: Llibre
Idioma:espanyol
Publicat: Madrid Pearson Educación 1999
Edició:1a. ed
Matèries:
Etiquetes: Afegir etiqueta
Sense etiquetes, Sigues el primer a etiquetar aquest registre!

MARC

LEADER 00000nam a2200000 a 4500
001 UCK3551
003 CL-VaPUC
008 050429e19990000SP |||||||||||||||||spa|d
020 |a 848322044X 
082 0 4 |a 620.104  |b SHA  |2 21 
100 0 |a Shames, Irving Herman  |e author  |9 491636 
245 1 0 |a Mecánica para ingenieros: estática 
250 |a 1a. ed 
300 |a 463 p 
942 |c BK 
945 |d 20050429 00:00:00  |a cmena 
260 |a Madrid  |b Pearson Educación  |c 1999 
650 0 |a Dinámica  |9 260136 
650 0 |a Mecánica aplicada  |9 260187 
583 |a last modification  |c 20050429 00:00:00  |k Rodrigo Vera 
999 |c 312683  |d 312681 
952 |0 0  |1 0  |4 0  |6 620_104000000000000_SHA_1999  |7 0  |8 R  |9 383339  |a BIBMEC  |b BIBMEC  |d 2019-11-21  |i 4116364  |o 620.104 SHA 1999  |p 4116364  |r 2024-01-19  |w 2019-11-21  |y BK_R  |k MEC 
952 |0 0  |1 0  |2 ddc  |4 0  |6 620_104000000000000_SHA_1999  |7 0  |8 R  |9 383340  |a BIBMEC  |b BIBMEC  |d 2019-11-21  |i 4116372  |l 3  |o 620.104 SHA 1999  |p 4116372  |r 2024-01-19  |s 2020-06-15  |w 2019-11-21  |y BK_R  |k MEC 
952 |0 0  |1 0  |4 0  |6 620_104000000000000_SHA_1999  |7 0  |8 R  |9 383341  |a BIBMEC  |b BIBMEC  |d 2019-11-21  |i 4116380  |o 620.104 SHA 1999  |p 4116380  |r 2024-01-19  |w 2019-11-21  |y BK_R  |k MEC